000 00552nam a22002057a 4500
003 LK-CoDNM
005 20241016112714.0
008 241016b |||||||| |||| 00| 0 eng d
040 _aLK-CoDNM
_dLK-CoDNM
_eLK-CoDNM
041 _asin
080 _aප්‍ර.ද
_b14
100 _aunknown
245 _aදිනමිණ වෙසක් කලාපය 1936
260 _c1936
300 _a58p ; 24cm
650 _aප්‍ර.ද 14
650 _aදිනමිණ වෙසක් කලාපය
650 _a 1936
942 _cBK
999 _c219656
_d219656